Quizzes
Events
Quiz Creation
Community
Videos
Private Events
Remove Ads
Sign In
Join for FREE
Feedback
Dark Mode
Quiz Categories
Sports
Geography
Music
Movies
Television
Just For Fun
Miscellaneous
History
Literature
Language
Science
Gaming
Entertainment
Religion
Holiday
For Kids
Quiz Lab
Recent
Popular Today
Quiz Kudos Today
Editor Picks
Curator Picks
Quizzes by...
Day
Popularity
Type
Ratings
Length
Year
Community
Subscriptions
Recent Discussions
Orange Saloon
Badges
Playlists
Quests
Create
Leaderboards
Showdown
Live 5
Trivia Bingo
Activity
Puzzle Library
Sporcle Events
Private Events
Virtual Trivia
Globe League
Become a Host
Pub Owners
SporcleCon
Opinionation
Our Games
Videos
Blog
Mobile Apps
Partnerships
Remove Ads and Go Orange
Feedback
Literature
Harry Potter
A Song of Ice and Fire
The Hunger Games
Literary Character
Shakespeare
Book
Author
Novel
Poem
Young Adult
Children's Books
Play
Lord of the Rings
Literature
Harry Potter
A Song of Ice and Fire
The Hunger Games
Literary Character
Shakespeare
Book
Author
Novel
Poem
Young Adult
Children's Books
Play
Lord of the Rings
Random Quiz
Search Sporcle
×
Quiz Lab
Quiz Lab
Literature
Book
Type in answers that appear in a list
Type in answers that appear in a list
Classic
Best Score? Go Orange.
Harry Potter Book Covers (American) Stats
Can you name the characters on the American Harry Potter book covers?
By
Benjid
10m
15 Questions
8,272 Plays
8,272 Plays
8,272 Plays
Comments
Comments
Give Quiz Kudos
Give Quiz Kudos
-
- Ratings
hide this ad
Replay
Link that replays current quiz
Next Quiz
Link to next quiz in quiz playlist
You Got
0%
They Got
Avg Score
76%
Avg Friend Score
Upgrade to see
Score Distribution
Jump to the score distribution portion of the page
Score
0/15
Timer
10:00
1
Play Today
Book
Character
% Correct
All of Them
Harry Potter
100%
Chamber of Secrets, Half-
Blood Prince
Ron Weasley
94.7%
Prisoner of Azkaban, Half-
Blood Prince
Hermione Granger
93.3%
Sorcerer's Stone, Half-
Blood Prince
Albus Dumbledore
92.1%
Prisoner of Azkaban, Goblet of Fire
Sirius Black (Shadow, Dog)
87.8%
Deathly Hallows
Lord Voldemort
85.9%
Goblet of Fire
Cedric Diggory
80.9%
Goblet of Fire
Viktor Krum
80.1%
Book
Character
% Correct
Goblet of Fire
Fleur Delacour
79.6%
Chamber of Secrets, Half-
Blood Prince
Ginny Weasley
75.5%
Prisoner of Azkaban, Order of the Phoenix
Remus Lupin (Werewolf PoA)
67.1%
Order of the Phoenix
Mad-Eye Moody
55.8%
Prisoner of Azkaban
Buckbeak
55.6%
Chamber of Secrets
Fawkes
52.7%
Order of the Phoenix
Nymphadora Tonks
48.2%
Quiz Playlist
Details
Report
Send in Message
Add To Playlist
Classic:
Type in answers that appear in a list
Last Updated: May 14, 2017
Quiz Scoreboard
CHALLENGE
Sign Up to Join the Scoreboard
Show All
Scores
Hide
Comments
May contain spoilers
Recently Published
An Introduction to Baseball
by treessimontrees
Sports
5m
Movies - When Are They Set?
by FPL_Elf
Movies
5m
Popular People in 1961
by mucciniale
History
6m
More to Explore
Quiz From the Vault
Featured Blog Post
Where Did the Easter Bunny Come From?
hide this ad
You Might Also Like...
Tags
Book Quiz
Harry Potter Quiz
America
Character
Cover
side
Today's Top Quizzes in Literature
Browse Literature
hide this ad
Today's Top Quizzes in Book
Browse Book
Top Contributed Quizzes in Literature
1
Sneaky Slytherin Logic Puzzle
2
One Thing in Common: Literature
3
Get The Picture: Black or White Literature
4
Harry Potter Neighbourly Logic Puzzle #3
5
Weasley Family Reunion: Logic Puzzle
6
One Thing in Common: Books
7
One Thing in Common: Literature II
8
Harry Potter Neighbourly Logic Puzzle #1
9
Harry Potter Neighbourly Logic Puzzle #5
10
Harry Potter Neighbourly Logic Puzzle #6
Explore More
Trending Topics
Crossword
Marvel
Kpop
Harry Potter
Anime
NBA
Disney
NFL
Soccer
Puzzle
Song
Country
The Office
Pokémon
WWE
hide this ad
More By:
Benjid
Quiz
Plays
Rating
Category
Featured
Created
Harry Potter Killed Characters
12,779
3.09
Literature
Jan 21, 2010
Harry Potter Countdown
12,349
4.48
Literature
May 7, 2010
Harry Potter Alliterations
10,820
3.51
Literature
Jan 29, 2010
Harry Potter Families
9,576
3.33
Literature
Jan 20, 2010
Harry Potter Characters by Email Address
8,978
4.05
Literature
Jan 30, 2011
Go to Creator's Profile
Score Distribution
Quiz Creator Spotlight
Benjid
Follow
Send a Message
Quizzes Created
-
Created Quiz Play Count
-
More By This Creator
Popular Quizzes Today
1
Find the Countries of Europe - No Outlines Minefield
2
Find the US States - No Outlines Minefield
3
The Countries of the World
4
Popular People in 1961
5
US States
6
1-10 Letter E Words III
7
Find the US States
8
Risky Map Clicking: Biggest States A-Z
More Literature Quizzes
Great Gatsby Bunker
Quiz Lab
Trending Quizzes
Risky Map Clicking: Least Populous States A-Z
1-10 Letter F Words
1-10 Letter G Words
One Thing in Common: United Kingdom
Risky Map Clicking: Next State Alphabetically
Recently Updated
Leaping Animals
pecheneg
Reality TV Shows (A-Z)
bhenderson79
Rickey Henderson's Hall of Fame Teammates
pecheneg
Champions League XIs: Arsenal
pecheneg
Quick Pick: Celebrities in WWE's Hall of Fame
aduchscher
A-Z Keypad Blitz II
pecheneg
Multiple Oscar Actors
pecheneg
Mystery Phrase Blitz: Oscar 'Best Actors'
pecheneg
F. Scott Fitzgerald Novels
LTH
Pick 3 Villains
ddd62291
Trending Topics
Disney
NBA
Marvel
Anime
Harry Potter
Crossword
Kpop
The Office
WWE
Puzzle
Soccer
Pokémon
Country
NFL
Song
Your Account Isn't Verified!
In order to create a playlist on Sporcle, you need to verify the email address you used during registration. Go to your
Sporcle Settings
to finish the process.
Report this User
Report this user for behavior that violates our
Community Guidelines
.
Details:
Send Report
Go to the Sporcle.com Mobile Site →
Comments